Statistics for U.S State Capitals from East to West

Click here to take the quiz!

General Stats

  • This quiz has been taken 122 times
  • The average score is 39 of 50

Answer Stats

LongitudeCapital% Correct
71.07Boston
96%
69.78Augusta
95%
71.53Concord
93%
73.75Albany
92%
71.42Providence
92%
72.68Hartford
89%
72.58Montpelier
88%
76.42Annapolis
87%
74.77Trenton
87%
75.52Dover
86%
78.63Raleigh
85%
84.38Atlanta
82%
77.43Richmond
82%
84.28Tallahassee
82%
81.03Columbia
81%
83Columbus
81%
157.85Honolulu
81%
81.62Charleston
80%
76.88Harrisburg
80%
134.42Juneau
80%
84.88Frankfort
79%
86.17Indianapolis
79%
116.2Boise
78%
112.1Phoenix
78%
84.55Lansing
76%
86.3Montgomery
76%
112.02Helena
75%
122.9Olympia
75%
121.5Sacramento
75%
123.03Salem
75%
111.88Salt Lake City
75%
91.18Baton Rouge
74%
104.98Denver
74%
93.6Des Moines
74%
86.78Nashville
74%
100.35Pierre
74%
97.73Austin
73%
119.77Carson City
73%
90.18Jackson
73%
105.93Santa Fe
73%
89.65Springfield
73%
100.78Bismarck
72%
104.82Cheyenne
72%
92.28Little Rock
72%
95.68Topeka
72%
97.5Oklahoma City
69%
89.38Madison
68%
96.7Lincoln
67%
93.1Saint Paul
67%
92.17Jefferson City
65%

Score Distribution

Percentile by Number Answered

Percent of People with Each Score

Your Score History

You have not taken this quiz